| 000 | 00635nam a22002297a 4500 | ||
|---|---|---|---|
| 001 | 26312 | ||
| 003 | UA-OsUOA | ||
| 005 | 20240209143133.0 | ||
| 007 | ta | ||
| 008 | 20040526b un ||||| |||| 00| 0 ukr d | ||
| 040 |
_aUA-OsUOA _brus _cUA-OsUOA _dUA-OsUOA |
||
| 041 | _arus | ||
| 044 | _aRU | ||
| 080 | _a519.21 | ||
| 090 |
_a519.21 _bТ33 |
||
| 245 |
_aТеория вероятностей и математическая статистика _bНаучный сборник _cред. Скороход А. В. |
||
| 260 |
_aКиев _bЛыбидь _c1990 |
||
| 300 | _a144 с. | ||
| 650 | 7 | _2UDC | |
| 942 |
_cBK _2udc |
||
| 955 | _a0 | ||
| 999 |
_c312632 _d312632 |
||